01730nam a2200385 a 4500001001100000003000800011006001900019007001500038008004100053010001700094020002800111040002100139035002000160050002400180082002300204100002200227245011400249260004700363300001600410490006600426504006600492533015200558650006800710650006900778650006600847650006400913650005300977650002301030651005201053655002901105710001701134830005501151856012501206999001301331ebr5004462CaPaEBRm u cr cn|||||||||971224s1998 ctu sb 001 0 eng  z 97052295  z0313306788 (alk. paper) aCaPaEBRcCaPaEBR a(OCoLC)4979338214aPR51.U5bF54 1998eb04a801/.95/0711732211 aFleishman, Avrom.14aThe condition of Englishh[electronic resource] :bliterary studies in a changing culture /cAvrom Fleishman. aWestport, Conn. :bGreenwood Press,c1998. axiv, 155 p.1 aContributions to the study of education,x0196-707X ;vno. 72 aIncludes bibliographical references (p. [149]-151) and index. aElectronic reproduction.bPalo Alto, Calif. :cebrary,d2013.nAvailable via World Wide Web.nAccess may be limited to ebrary affiliated libraries. 0aEnglish literaturexStudy and teaching (Higher)zUnited States. 0aAmerican literaturexStudy and teaching (Higher)zUnited States. 0aLiterature and societyzUnited StatesxHistoryy20th century. 0aLanguage and culturezUnited StatesxHistoryy20th century. 0aCriticismzUnited StatesxHistoryy20th century. 0aCanon (Literature) 0aUnited StatesxIntellectual lifey20th century. 7aElectronic books.2local2 aebrary, Inc. 0aContributions to the study of education ;vno. 72.40uhttp://site.ebrary.com/lib/rucke/Doc?id=5004462zAn electronic book accessible through the World Wide Web; click to view c794d794